000 00753nam a22002537a 4500
001 0011753
003 DO-SdBPM
005 20250528112346.0
007 0011753
008 161114b 2007 ch| |||| 00| 0 spa d
020 _a9972209296
040 _aDO-SdBPM
_bspa
_cBPMSU
082 4 _a808.83
_bA316L 2010
_222
245 0 0 _aAladino y la lampara maravillosa /
_cilustrador Gerson Jara Morales
260 _aLima, Perú :
_bEducativa,
_c2010
300 _a10 p. :
_bil., ;
_c28 cm.
490 0 _aMi cuento favorito
590 _aInventariado, 2025/VM
650 4 _aCuentos infantiles
650 4 _aLibros ilustrados para niños
700 1 _aJara Morales, Gerson
_eilustrador
910 _aVMateo V. Control de calidad. BPMSU
942 _2ddc
_cBK
999 _c11937
_d11937